000 00395nam a2200145Ia 4500
008 230711s9999||||xx |||||||||||||| ||und||
041 _aENG
082 _a621
_bFI-O
100 _aFiore, M. James
245 0 _aOP amps and linear integrated circuits : theory and applications
250 _a1st Ed.
260 _c2001
_aNew Delhi
_bThomson Brook
650 _aElectronics Engineering
942 _cBK
999 _c4111
_d4111